| 000 | 00525nam a2200181Ia 4500 | ||
|---|---|---|---|
| 999 |
_c14598 _d14598 |
||
| 003 | OSt | ||
| 005 | 20210222091639.0 | ||
| 008 | 151021s9999 xx 000 0 und d | ||
| 040 |
_aMMU _beng _cMMU _dMMU |
||
| 050 | _aSD 387 F46 1983 | ||
| 100 | _aFflliott F. Peter | ||
| 245 |
_aEnvironmentally Sound Small-Scale Forestry Projects Guidelines for Planning / _cPeter,F.Fflliot. |
||
| 260 |
_aNew York : _bVITA, _c 1983. |
||
| 300 | _a108 p. : | ||
| 650 | _a_Forestry | ||
| 700 | _a_John L Thames | ||
| 942 |
_2lcc _cLOAN LOAN |
||